| 000 | 00502nam a22001697a 4500 | ||
|---|---|---|---|
| 003 | BD-DhUL | ||
| 005 | 20171126121709.0 | ||
| 008 | 171114s1954 ir ||||| |||| 00| 0 per d | ||
| 040 |
_aBD-DhUL _cBD-DhUL |
||
| 082 |
_a891.552 _bMUM |
||
| 100 | 0 | _aمجتبی مینوی وصادق ھدایت | |
| 245 | 0 |
_aمازیار / _cمجتبی مینوی وصادق ھدایت |
|
| 260 |
_aتھران : _b، _c۔۱۹۵۴ |
||
| 300 |
_aص۔ ۱۳۹ ؛ _c۲۴ سم۔ |
||
| 650 | 0 | _aPersian poetry | |
| 942 |
_2ddc _cBK |
||
| 999 |
_c232420 _d232420 |
||